000 00574cam a2200193 4500
001 ABS62372
008 000000n2000 000 0 eng u
035 _a(Sirsi) u106014
100 _aColby, A.
245 _aHolding back the lien share
260 _c2000
490 _aEstates Gazette
_v(0018) 6 May 2000, 148-142(2)
520 _aDiscusses the impact electronic conveyancing will have on unpaid sellers equitable liens.
590 _aABS
650 _aCONVEYANCING
650 _aEQUITABLE INTEREST
690 _aPROPERTY AND LAND LAW-CONVEYANCING
942 _n0
999 _c63494
_d63494